[Event "TCh-RUS"]
[Site "Togliatti RUS"]
[Date "2003.05.21"]
[Round "6"]
[White "Pimonenko,B"]
[Black "Galliamova,A"]
[Result "0-1"]
[WhiteElo "2356"]
[BlackElo "2489"]

1.d4 d5 2.Nf3 Nf6 3.c4 c6 4.Nc3 e6 5.e3 Nbd7 6.Qc2 b6 7.b3 Bb7 8.Bb2 Be7
9.Rd1 Qc7 10.Bd3 Rd8 11.O-O h6 12.Rfe1 O-O 13.h3 Qb8 14.Bf1 Rfe8 15.Nd2 c5
16.dxc5 bxc5 17.cxd5 exd5 18.Na4 Rc8 19.Bd3 Ba8 20.Bf5 Qb7 21.Nf3 Rc7 22.Qc3 Bf8
23.Rc1 Ne4 24.Qc2 Ndf6 25.Nc3 Nd6 26.Ne2 Nfe4 27.Bxe4 Nxe4 28.Red1 Rec8 29.Nc3 Nxc3
30.Qxc3 Qa6 31.Nh2 Rb8 32.Ra1 Qg6 33.Qd3 Qc6 34.Nf3 Rb4 35.Qf5 Re4 36.Rac1 Qb7
37.Ba1 Re6 38.Nd2 Rb6 39.Qf3 Qa6 40.Bc3 Rb8 41.Qf5 Rd8 42.a4 d4 43.exd4 cxd4
44.Bb2 Rd6 45.Nf3 Qe2 46.Rd2  0-1

[Event "TCh-RUS"]
[Site "Togliatti RUS"]
[Date "2003.05.22"]
[Round "7"]
[White "Makarov,M"]
[Black "Kalugin,S"]
[Result "1/2-1/2"]
[WhiteElo "2498"]
[BlackElo "2454"]

1.Nf3 Nf6 2.c4 e6 3.Nc3 d5 4.d4 c6 5.e3 Nbd7 6.Qc2 b6 7.b3 Bb7 8.Bb2 Bd6
9.Bd3 Rc8 10.O-O O-O 11.Rad1 h6 12.Qe2 Qe7 13.Rfe1 Rfe8 14.e4 dxe4 15.Nxe4 Nxe4
16.Qxe4 Nf6 17.Qh4 Rcd8 18.Re3 Nh7 19.Qh3 Qc7 20.Rde1 Bb4 21.R1e2 Be7 22.Ne5 Bg5
23.Rg3 f6 24.Ng6 f5 25.c5 Bc8 26.Re1 Bf6 27.Ne5 bxc5 28.Bc4 f4 29.Rg4 cxd4
30.Nd3 Ng5 31.Qh5 Qf7 32.Nxf4 c5 33.h4 Qxh5 34.Nxh5 Nh7 35.Nf4 Nf8 36.Nd3 Kh8
37.Rge4 Bb7 38.R4e2 Rc8 39.Ba3 Ng6 40.g3 Nf8 41.Bxc5 Bf3 42.Bxf8 Bxe2 43.Rxe2 Rxf8
44.Rxe6 a5 45.a4 Rfe8 46.Ra6  1/2-1/2

[Event "TCh-RUS"]
[Site "Togliatti RUS"]
[Date "2003.05.22"]
[Round "7"]
[White "Vaganian,R"]
[Black "Klimov,S"]
[Result "1-0"]
[WhiteElo "2653"]
[BlackElo "2507"]

1.Nf3 d5 2.d4 Nf6 3.c4 c6 4.Nc3 e6 5.e3 Nbd7 6.Bd3 dxc4 7.Bxc4 b5 8.Bd3 Bb7
9.e4 b4 10.Na4 c5 11.e5 Nd5 12.Nxc5 Nxc5 13.dxc5 Bxc5 14.O-O h6 15.Nd2 O-O
16.Ne4 Bd4 17.Nd6 Bc6 18.Bh7+ Kxh7 19.Qxd4 f6 20.Bd2 fxe5 21.Qe4+ Kg8 22.Qxe5 Qd7
23.Rac1 Rad8 24.Nc4 Bb5 25.b3 a5 26.Rfe1 Rf6 27.Qg3 Ne7 28.Bf4 Rg6 29.Qh3 Nd5
30.Be5 Rg5 31.Bg3 Rf5 32.Nd6 Nc3 33.Nxf5 exf5 34.Kh1 Ne2 35.Ra1 f4 36.Qxd7 Rxd7
37.a4 Ba6 38.Bh4 g5 39.Rad1 Rd4 40.Rxd4 Nxd4 41.Re8+ Kf7 42.Ra8 Be2 43.Rxa5 Ke6
44.Ra8 gxh4 45.a5 h3 46.Rh8 f3 47.Rxh6+ Kf5 48.g4+ Kxg4 49.Kg1 Nxb3 50.a6 Bxa6
51.Rxa6 Nc1 52.Rc6 Ne2+ 53.Kf1 b3 54.Ke1 Kf5 55.Kd2 Ke4 56.Rc4+ Kf5 57.Rb4 Nf4
58.Rxb3 Ng2  1-0

[Event "TCh-Serbia & Montenegro"]
[Site "Budva YUG"]
[Date "2003.05.23"]
[Round "6"]
[White "Ivanisevic,I"]
[Black "Kosic,D"]
[Result "1/2-1/2"]
[WhiteElo "2569"]
[BlackElo "2502"]

1.d4 d5 2.c4 c6 3.Nc3 Nf6 4.e3 e6 5.Nf3 Nbd7 6.Qc2 Bd6 7.Bd3 O-O 8.O-O dxc4
9.Bxc4 a6 10.Rd1 Qc7 11.e4 e5 12.g3 b5 13.Be2 Re8 14.dxe5 Nxe5 15.Bg5 Nxf3+
16.Bxf3 Ng4 17.Kg2 h6 18.Bc1 Bc5 19.Bxg4 Bxg4 20.f3 Be6 21.Na4 Bf8 22.Nc5 Qe5
23.Nd3 Qc7  1/2-1/2

[Event "TCh-Serbia & Montenegro"]
[Site "Budva YUG"]
[Date "2003.05.23"]
[Round "6"]
[White "Blagojevic,D"]
[Black "Markus,R"]
[Result "1/2-1/2"]
[WhiteElo "2548"]
[BlackElo "2472"]

1.d4 d5 2.c4 c6 3.Nf3 Nf6 4.Nc3 e6 5.e3 Nbd7 6.Bd3 dxc4 7.Bxc4 b5 8.Be2 Bb7
9.O-O Bd6 10.e4 e5 11.dxe5 Nxe5 12.Nd4 O-O 13.Be3 Ng6 14.Nf5 Be5 15.Qc2 Qc7
16.g3 Rfe8 17.Rac1 a6 18.Nd5 Nxd5 19.exd5 c5 20.f4 Bd6 21.Bf3 c4 22.Bd4 Bc5
23.Qf2 Bf8 24.b3 Qd7 25.Ne3 cxb3 26.axb3 Qd6 27.Bc5 Qxc5 28.Rxc5 Bxc5 29.Re1 Rad8
30.Kg2 Rxe3 31.Rxe3 Bxe3 32.Qxe3 Bxd5 33.Bxd5 Rxd5 34.b4 Nf8 35.Qf3 Rd6 36.f5 h5
37.Qc3 g6 38.Kf3 Rd5 39.fxg6 Nxg6 40.Ke4 Rd6 41.Qc5 Re6+ 42.Kd4 h4 43.gxh4 Nxh4
44.Qg5+ Ng6 45.h4 Kh7 46.h5 Ne7 47.Qf4 Kg7 48.Qg5+ Kh7 49.Qf4 Kg7 50.Qg4+ Kh7
51.Qf3 Kg7  1/2-1/2

[Event "ch-RUS w"]
[Site "Elista RUS"]
[Date "2003.05.24"]
[Round "7"]
[White "Demina,J"]
[Black "Kochetkova,J"]
[Result "1/2-1/2"]
[WhiteElo "2327"]
[BlackElo "2277"]

1.d4 d5 2.Nf3 Nf6 3.c4 e6 4.Nc3 c6 5.e3 Nbd7 6.Qc2 b6 7.b3 Bb7 8.Bd3 Be7
9.O-O O-O 10.Rd1 Qc7 11.Bb2 Rac8 12.Rac1 h6 13.Qe2 dxc4 14.Bxc4 c5 15.Ne5 Qb8
16.Nxd7 Nxd7 17.dxc5 Ne5 18.cxb6 axb6 19.Nb5 Nxc4 20.Rxc4 Rxc4 21.Qxc4 Rc8
22.Qg4 Bf8 23.Nd4 Qc7 24.f4 Qc5 25.h3 Qd5 26.Rf1 Qe4 27.Qf3 Bc5  1/2-1/2

[Event "ch-RUS w"]
[Site "Elista RUS"]
[Date "2003.05.24"]
[Round "7"]
[White "Bystryakova,E"]
[Black "Kharashkina,B"]
[Result "1/2-1/2"]
[WhiteElo "2197"]
[BlackElo "2182"]

1.d4 d5 2.c4 c6 3.Nf3 Nf6 4.e3 e6 5.Nc3 Nbd7 6.Bd3 Be7 7.O-O O-O 8.e4 dxe4
9.Nxe4 c5 10.Nxc5 Nxc5 11.dxc5 Bxc5 12.Qe2 h6 13.b3 b6 14.Bb2 Bb7 15.Rad1 Qe7
16.Ne5 Rad8 17.Bb1 Rxd1 18.Rxd1 Rd8 19.Ng4 Rxd1+ 20.Qxd1 Nxg4 21.Qxg4 Qg5
22.Qxg5 hxg5 23.Kf1 f6 24.f3 Kf7 25.h3 Ke7 26.Ke2 Kd6 27.Kd2 a5 28.a3 Bc6
29.Bd3 Bb7 30.Kc2 Bc6 31.Kb1 Bb7 32.Ka2 Bc6 33.Bc3 Bb7 34.b4 axb4 35.axb4 Bf2
36.Kb3 Bc6 37.Kc2 Bb7 38.Kd2 Bg1 39.Bc2 Bf2 40.Ke2 Bg1 41.g3 Bc6 42.h4 gxh4
43.gxh4 e5 44.Bg6 Bd7 45.Bd2 Be6 46.Bd3 f5 47.h5 e4 48.fxe4 fxe4 49.Bxe4 Bxc4+
50.Bd3 Bf7 51.Kf1 Bd4 52.Be2 Bd5 53.Bg4 Be4 54.Ke2 Kd5 55.Be3 Kc4 56.Be6+  1/2-1/2

[Event "Bosnia GM"]
[Site "Sarajevo BIH"]
[Date "2003.05.24"]
[Round "6"]
[White "Kozul,Z"]
[Black "Bareev,E"]
[Result "0-1"]
[WhiteElo "2601"]
[BlackElo "2734"]

1.d4 d5 2.c4 c6 3.e3 Nf6 4.Nc3 e6 5.Nf3 Nbd7 6.Bd3 dxc4 7.Bxc4 b5 8.Bd3 a6
9.e4 c5 10.d5 Qc7 11.O-O c4 12.Bc2 Bc5 13.Bd2 O-O 14.b4 Bd6 15.a4 bxa4 16.dxe6 fxe6
17.Qe2 Bb7 18.Ng5 Rae8 19.f4 e5 20.f5 Bxb4 21.Ne6 Rxe6 22.fxe6 Qb6+ 23.Be3 Qxe6
24.Nd5 Nxd5 25.Qxc4 N7b6 26.Qa2 a5 27.Rxf8+ Bxf8 28.exd5 Bxd5 29.Qb1 Nc4
30.Bxh7+ Kh8 31.Bf5 Qf6 32.Bf2 e4 33.Bg4 e3 34.Be1 e2 35.Bf2 Nd2 36.Qe1 Bb4
37.Bh4 Bc5+  0-1

[Event "TCh-RUS"]
[Site "Togliatti RUS"]
[Date "2003.05.24"]
[Round "9"]
[White "Makarov,M"]
[Black "Iskusnyh,S"]
[Result "1-0"]
[WhiteElo "2498"]
[BlackElo "2505"]

1.d4 d5 2.c4 c6 3.Nf3 Nf6 4.Nc3 e6 5.e3 Nbd7 6.Bd3 dxc4 7.Bxc4 b5 8.Be2 Bb7
9.O-O Be7 10.e4 b4 11.e5 bxc3 12.exf6 Nxf6 13.bxc3 O-O 14.Rb1 Qc8 15.Qb3 Ba6
16.Bxa6 Qxa6 17.Ne5 Bd6 18.Qc4 Qxc4 19.Nxc4 Bc7 20.Rb7 Rfc8 21.Bd2 Ne4 22.Re1 Nxd2
23.Nxd2 Bb6 24.Nc4 c5 25.Rxb6 axb6 26.Nxb6 cxd4 27.cxd4 Kf8 28.a4 Ke7 29.Kf1 Rab8
30.Nxc8+ Rxc8 31.Ra1 Rd8 32.a5 Rxd4 33.a6 Rd8 34.Ke2 Ra8 35.a7 Kd6 36.Ke3 Kc5
37.Ra2 Kb6 38.Kd4 f6 39.f4 Kb5 40.Rb2+ Kc6 41.Ra2 Kb5 42.g3 Rd8+ 43.Kc3 Rc8+
44.Kb2 Ra8 45.Kb3 h5 46.h3 Kc5 47.Kc3 Kb5 48.g4 hxg4 49.hxg4 Rc8+ 50.Kd4 Rd8+
51.Ke4 Ra8 52.g5 Kb6 53.Kd4 Kb5 54.g6 Rd8+ 55.Kc3 Ra8 56.Kb3 Kc5 57.Ra5+ Kd6
58.Kc4 Kc7 59.Kc5 Kb7 60.Kd6 e5 61.fxe5 fxe5 62.Rb5+ Ka6 63.Rxe5 Rxa7 64.Re7  1-0

[Event "ch-RUS w"]
[Site "Elista RUS"]
[Date "2003.05.25"]
[Round "8"]
[White "Shumiakina,T"]
[Black "Shaidullina,S"]
[Result "1/2-1/2"]
[WhiteElo "2373"]
[BlackElo "2364"]

1.d4 Nf6 2.c4 e6 3.Nf3 d5 4.Nc3 c6 5.e3 Nbd7 6.Bd3 Bd6 7.e4 dxe4 8.Nxe4 Nxe4
9.Bxe4 Bb4+ 10.Bd2 Bxd2+ 11.Qxd2 O-O 12.Rd1 Nf6 13.Bb1 b5 14.c5 b4 15.O-O a5
16.Rfe1 Ba6 17.Ne5 Qc7 18.Qg5 Rfd8 19.Re3 h6 20.Qh4 Kf8 21.Rde1 Rd5 22.Rf3 Rad8
23.Rxf6 Rxe5 24.Rxf7+ Kxf7 25.Qf4+ Kg8 26.Rxe5 Qd7 27.Qg4 Bc4 28.Re4 e5 29.Qxd7 Rxd7
30.b3 Bb5 31.Rxe5 Rxd4 32.Re1 Kf7 33.g3 Rd2 34.Kg2 Bd3 35.Bxd3 Rxd3 36.Re2 Rc3
37.Rd2 Rxc5 38.Rd7+  1/2-1/2

[Event "12th Chicago Open"]
[Site "Oak Brook USA"]
[Date "2003.05.25"]
[Round "4"]
[White "Finegold,B"]
[Black "Kaidanov,G"]
[Result "0-1"]
[WhiteElo "2539"]
[BlackElo "2640"]

1.d4 d5 2.c4 e6 3.Nc3 c6 4.e3 Nf6 5.Nf3 Nbd7 6.Qc2 Bd6 7.Be2 O-O 8.O-O b6
9.b3 Bb7 10.Bb2 Re8 11.Rad1 Qe7 12.e4 Nxe4 13.Nxe4 dxe4 14.Qxe4 Nf6 15.Qh4 c5
16.Nd2 cxd4 17.Bxd4 e5 18.Bb2 Rad8 19.Nf3 h6 20.Rfe1 Qc7 21.Bf1 Bxf3 22.gxf3 Nh7
23.c5 bxc5 24.Bc4 Ng5 25.Qg4 e4 26.fxe4 Bxh2+ 27.Kg2 Be5 28.Bc1 Bd4 29.Bxg5 hxg5
30.Rh1 Rd6 31.Rd3 Rf6 32.Rf3 Rxf3 33.Qxf3 Qf4 34.Qxf4 gxf4 35.Kf3 g5 36.Rg1 Re5
37.Rd1 Kg7 38.Rh1 Re7 39.Rg1 Kg6 40.Bd3 Rd7 41.e5+ f5 42.exf6 Kxf6 43.Rh1 Bxf2
44.Bb5 Rd2 45.Rh2 Rxa2 46.Rxf2 g4+ 47.Kg2 Rxf2+ 48.Kxf2 Ke5 49.Bd7 g3+ 50.Kf3 a5
51.Bc6 c4 52.bxc4 Kd4 53.Kxf4 Kxc4 54.Be4 Kd4  0-1

[Event "22nd Mitropa Cup"]
[Site "Pula CRO"]
[Date "2003.05.25"]
[Round "9"]
[White "Navara,D"]
[Black "Pavasovic,D"]
[Result "1-0"]
[WhiteElo "2576"]
[BlackElo "2584"]

1.c4 e6 2.Nf3 d5 3.d4 c6 4.e3 Nf6 5.Nc3 Nbd7 6.Qc2 Bd6 7.b3 O-O 8.Be2 Re8
9.O-O dxc4 10.bxc4 e5 11.a4 exd4 12.exd4 Nf8 13.h3 Ng6 14.Rd1 Bd7 15.Bd3 Qc8
16.Ng5 Qc7 17.Nge4 Nxe4 18.Nxe4 Be7 19.Be3 Rad8 20.d5 cxd5 21.cxd5 Qxc2 22.Bxc2 Rc8
23.Bb1 Bb4 24.Bxa7 Rc4 25.Ng3 Bc3 26.Ra3 Re1+ 27.Rxe1 Bxe1 28.Rb3 Rb4 29.Bc2 Nf4
30.Re3 Rb2 31.Re7 Rxc2 32.Rxd7 h6 33.Be3 Bd2 34.Nf5 Bxe3 35.fxe3 Ne2+ 36.Kh2 Rd2
37.d6 g6 38.Nxh6+  1-0

[Event "TCh-RUS"]
[Site "Togliatti RUS"]
[Date "2003.05.25"]
[Round "10"]
[White "Skatchkov,P"]
[Black "Yevseev,D"]
[Result "1/2-1/2"]
[WhiteElo "2475"]
[BlackElo "2580"]

1.d4 d5 2.c4 e6 3.Nc3 c6 4.e3 Nf6 5.Nf3 Nbd7 6.Bd3 dxc4 7.Bxc4 b5 8.Bd3 Bb7
9.e4 b4 10.Na4 c5 11.e5 Nd5 12.O-O cxd4 13.Nxd4 Nxe5 14.Bb5+ Nd7 15.Re1 Rc8  1/2-1/2

[Event "Bosnia GM"]
[Site "Sarajevo BIH"]
[Date "2003.05.26"]
[Round "8"]
[White "Radjabov,T"]
[Black "Shirov,A"]
[Result "0-1"]
[WhiteElo "2644"]
[BlackElo "2735"]

1.d4 d5 2.c4 c6 3.Nc3 Nf6 4.e3 e6 5.Nf3 Nbd7 6.Bd3 dxc4 7.Bxc4 b5 8.Bd3 Bb7
9.e4 b4 10.Na4 c5 11.e5 Nd5 12.Nxc5 Nxc5 13.dxc5 Bxc5 14.O-O h6 15.Nd2 O-O
16.Ne4 Bd4 17.Nd6 Bc6 18.Bh7+ Kxh7 19.Qxd4 f6 20.Bd2 fxe5 21.Qe4+ Kg8 22.Qxe5 Qd7
23.Rfe1 Rad8 24.Nc4 Nb6 25.Nxb6 Qxd2 26.Qxe6+ Kh8 27.Qxc6 Qxf2+ 28.Kh1 axb6
29.b3 Rd2 30.Re8 Rxa2 31.Rc1 Re2 32.Rxf8+ Qxf8 33.Qxb6 Qf4 34.Qd8+ Kh7 35.Qd3+ Qe4
36.Qxe4+ Rxe4 37.h3 Re3 38.Rc6 Rxb3 39.Rb6 g5 40.Rb7+ Kg6 41.Rb6+ Kg7 42.Rb7+ Kf6
43.Rb6+ Ke5 44.Rxh6 Rd3 45.Rb6 b3 46.Rb4 Kd5 47.Kg1 Kc5 48.Rb8 Kc4 49.Kf2 Kc3
50.Ke2 Rd2+ 51.Kf3 Rd4  0-1

[Event "58th NY Masters"]
[Site "New York USA"]
[Date "2003.05.27"]
[Round "1"]
[White "Salman,J"]
[Black "Milman,L"]
[Result "1/2-1/2"]
[WhiteElo "2234"]
[BlackElo "2356"]

1.d4 d5 2.c4 e6 3.Nc3 c6 4.e3 Nf6 5.Nf3 Nbd7 6.Bd3 dxc4 7.Bxc4 b5 8.Be2 a6
9.O-O c5 10.a3 Bb7 11.dxc5 Bxc5 12.b4 Be7 13.Bb2 O-O 14.a4 bxa4 15.Qxa4 Qb6
16.b5 a5 17.Qd4 Rfc8 18.Na4 Qxd4 19.Nxd4 Nd5 20.Rfc1 Nc5 21.Nxc5 Bxc5 22.Nc6 Bb6
23.Bf3 Bxc6 24.bxc6 Kf8 25.Ba3+ Ke8 26.Rab1 Bd8 27.g3 Be7 28.Bxe7 Kxe7 29.Bxd5 exd5
30.Rc5 Kd6 31.Rbb5 a4 32.Rxd5+ Kc7 33.Ra5 a3 34.Rd7+ Kxc6 35.Rda7 Rxa7 36.Rxa7 Kd6
37.Rxa3 h5 38.Ra7 Ke6 39.h4  1/2-1/2

[Event "TCh-NOR"]
[Site "Asker NOR"]
[Date "2003.05.28"]
[Round "1"]
[White "Johannessen,S"]
[Black "Lahlum,H"]
[Result "1/2-1/2"]
[WhiteElo "2324"]
[BlackElo "2212"]

1.c4 e6 2.d4 d5 3.Nc3 c6 4.e3 Nf6 5.Nf3 Nbd7 6.Be2 Bd6 7.O-O O-O 8.Qc2 Re8
9.Rd1 Qe7 10.Bd2 b6 11.e4 Nxe4 12.Nxe4 dxe4 13.Qxe4 Bb7 14.Bc3 f5 15.Qe3 Rad8
16.Ne5 c5 17.Nxd7 Rxd7 18.Bf3 Bxf3 19.Qxf3 cxd4 20.Rxd4 Bxh2+ 21.Kf1 Rxd4
22.Bxd4 Bc7 23.g3 Rd8 24.Bc3 Qd7 25.Re1 Bb8 26.Kg2 Qc8 27.b3 Re8 28.Rd1 Qc7
29.Bb4 Rd8 30.Rxd8+ Qxd8 31.Qb7 Qc7 32.Qa8 h6 33.a4 Kf7 34.Bc3 g5 35.Qf3 g4
36.Qe3 f4 37.Qe4 fxg3 38.Qxg4 gxf2 39.Qh5+ Ke7 40.Bb4+ Kd7 41.Qf7+ Kc8 42.Qxe6+  1/2-1/2

[Event "TCh-NOR"]
[Site "Asker NOR"]
[Date "2003.05.30"]
[Round "3"]
[White "Jansson,J"]
[Black "Borchgrevink,H"]
[Result "0-1"]
[WhiteElo "2256"]
[BlackElo "2197"]

1.Nf3 d5 2.d4 c6 3.c4 e6 4.e3 Nf6 5.Nc3 Nbd7 6.Bd3 dxc4 7.Bxc4 b5 8.Bd3 Bd6
9.O-O O-O 10.a4 b4 11.Ne4 Nxe4 12.Bxe4 Bb7 13.b3 Qe7 14.Bb2 f5 15.Bd3 c5
16.Bc4 Rad8 17.a5 Kh8 18.Qe2 e5 19.dxc5 Nxc5 20.Rfd1 Ne4 21.Rac1 Nc3 22.Bxc3 bxc3
23.a6 Bxf3 24.Qxf3 e4 25.Qe2 Qe5 26.g3 Bb4 27.Qa2 g5 28.Qe2 Rd2 29.Qh5 Qg7
30.Rxd2 cxd2 31.Rf1 Qe7 32.Qd1 Bc3 33.Qc2 Qe5 34.Rb1 Bb4 35.Be2 f4 36.Qc4 Bc5
37.b4 Bb6 38.Qb3 fxe3 39.fxe3 Rc8 40.Kg2 Rc1 41.Qf7 Qd6 42.Qe8+ Kg7 43.Qxe4 Re1
44.Bd1 Rxe3 45.Qf5 Re5 46.Qf3 Re1 47.Qb7+ Re7 48.Qf3 Rf7 49.Qc3+ Bd4 50.Qc4 Rf2+
51.Kh1 Qe5  0-1

[Event "4th IECC"]
[Site "Istanbul TUR"]
[Date "2003.05.30"]
[Round "1"]
[White "Valensi,B"]
[Black "Goloshchapov,A"]
[Result "0-1"]
[WhiteElo "2154"]
[BlackElo "2558"]

1.d4 d5 2.c4 e6 3.Nf3 Nf6 4.Nc3 c6 5.e3 Nbd7 6.Bd3 dxc4 7.Bxc4 b5 8.Bd3 a6
9.e4 c5 10.d5 Qc7 11.dxe6 fxe6 12.Ng5 Ne5 13.f4 Nxd3+ 14.Qxd3 h6 15.Nf3 Bb7
16.e5 Nd5 17.Nxd5 Bxd5 18.Qg6+ Qf7 19.Qg3 c4 20.Be3 Bb4+ 21.Kf2 O-O 22.a3 Be7
23.Rhf1 Kh7 24.Kg1 Rac8 25.Rac1 Qf5 26.Nd4 Qe4 27.Ne2 Bb7 28.Nc3 Qc6 29.Qh3 Rcd8
30.Rcd1 Rxd1 31.Rxd1 Bc5 32.Rd2 Rxf4 33.Rf2 Rxf2 34.Bxf2 Bxf2+ 35.Kxf2 Qc5+
36.Qe3 Qxe3+ 37.Kxe3 Bxg2 38.Kd4 g5 39.Kc5 h5 40.Kd6 Bh3 41.Ne4 Kg6 42.Nc5 a5
43.Nxe6 b4 44.axb4 axb4 45.Nd4 c3 46.bxc3 bxc3 47.e6 h4 48.Kc5 Bf5 49.Kb4 c2
50.e7 Kf7 51.Ne2 g4 52.Kc3 g3 53.h3 Kxe7 54.Kd2 Kf6 55.Nf4 Ke5 56.Ne2 Bxh3
57.Kxc2 Bg4 58.Ng1 h3  0-1

[Event "4th IECC"]
[Site "Istanbul TUR"]
[Date "2003.05.30"]
[Round "1"]
[White "Mastrovasilis,A"]
[Black "Galkin,A"]
[Result "1/2-1/2"]
[WhiteElo "2487"]
[BlackElo "2591"]

1.c4 e6 2.d4 d5 3.Nc3 c6 4.e3 Nf6 5.Nf3 Nbd7 6.Qc2 Bd6 7.b3 O-O 8.Bb2 e5
9.dxe5 Nxe5 10.O-O-O Qe7 11.cxd5 Nxd5 12.Nxd5 cxd5 13.Nxe5 Bxe5 14.Rxd5 Bxb2+
15.Kxb2 Qf6+ 16.Kb1 Be6 17.Rd4 Rac8 18.Qd2 Qg6+ 19.Qd3 Qf6 20.Qd2 Qg6+ 21.Qd3  1/2-1/2

[Event "4th IECC"]
[Site "Istanbul TUR"]
[Date "2003.05.30"]
[Round "1"]
[White "Agrest,E"]
[Black "Wells,P"]
[Result "1-0"]
[WhiteElo "2591"]
[BlackElo "2487"]

1.c4 e6 2.Nc3 d5 3.d4 c6 4.e3 Nf6 5.Nf3 Nbd7 6.Qc2 Bd6 7.g4 Bb4 8.Bd2 b6
9.cxd5 cxd5 10.g5 Bxc3 11.Bxc3 Ne4 12.Bb4 a5 13.Ba3 Ba6 14.Bxa6 Rxa6 15.Qc6 Ra8
16.Rc1 Rb8 17.Qb5 Rc8 18.Ke2 f6 19.gxf6 gxf6 20.Rc6 Rxc6 21.Qxc6 Kf7 22.Rc1 b5
23.Qxb5 Nb6 24.Rc6 Nc4 25.Qb7+ Kg6 26.Rxc4  1-0

[Event "4th IECC"]
[Site "Istanbul TUR"]
[Date "2003.05.30"]
[Round "1"]
[White "Atalik,S"]
[Black "Erdogdu,M"]
[Result "1-0"]
[WhiteElo "2568"]
[BlackElo "2303"]

1.c4 c6 2.Nc3 d5 3.e3 Nf6 4.Nf3 e6 5.d4 Nbd7 6.Bd2 Bd6 7.Bd3 O-O 8.O-O dxc4
9.Bxc4 a6 10.Bd3 c5 11.a4 b6 12.Ne4 Be7 13.dxc5 Bb7 14.Nxf6+ Nxf6 15.Qe2 Bxc5
16.e4 Qe7 17.e5 Nd7 18.Be4 Bxe4 19.Qxe4 f5 20.exf6 Nxf6 21.Qe2 Nd5 22.Rae1 Nc7
23.Ng5 Rad8 24.Ne4 Bd4 25.Bg5 Bf6 26.Nxf6+ gxf6 27.Be3 Qb4 28.Rc1 Rf7 29.Rc4 Qb3
30.Bh6 b5 31.axb5 axb5 32.Rc3 Qd5 33.Rfc1 Qd6 34.h4 Rdd7 35.Re3 Kh8 36.Qg4  1-0

[Event "4th IECC"]
[Site "Istanbul TUR"]
[Date "2003.05.30"]
[Round "1"]
[White "Atalik,S"]
[Black "Erdogdu,M"]
[Result "1-0"]
[WhiteElo "2568"]
[BlackElo "2303"]

1.c4 c6 2.Nc3 d5 3.e3 Nf6 4.Nf3 e6 5.d4 Nbd7 6.Bd2 Bd6 7.Bd3 O-O 8.O-O dxc4
9.Bxc4 a6 10.Bd3 c5 11.a4 b6 12.Ne4 Be7 13.dxc5 Bb7 14.Nxf6+ Nxf6 15.Qe2 Bxc5
16.e4 Qe7 17.e5 Nd7 18.Be4 Bxe4 19.Qxe4 f5 20.exf6 Nxf6 21.Qe2 Nd5 22.Rae1 Nc7
23.Ng5 Rad8 24.Ne4 Bd4 25.Bg5 Bf6 26.Nxf6+ gxf6 27.Be3 Qb4 28.Rc1 Rf7 29.Rc4 Qb3
30.Bh6 b5 31.axb5 axb5 32.Rc3 Qd5 33.Rfc1 Qd6 34.h4 Rdd7 35.Rg3+ Kh8 36.Qg4  1-0

[Event "4th IECC"]
[Site "Istanbul TUR"]
[Date "2003.05.30"]
[Round "1"]
[White "Ivanisevic,I"]
[Black "Asmundsson,I"]
[Result "1-0"]
[WhiteElo "2569"]
[BlackElo "2327"]

1.d4 d5 2.c4 c6 3.Nc3 Nf6 4.e3 e6 5.Nf3 Nbd7 6.Qc2 Bd6 7.Bd3 Qe7 8.O-O O-O
9.c5 Bc7 10.e4 dxe4 11.Nxe4 Nxe4 12.Bxe4 h6 13.Re1 Rd8 14.Bd2 Nf6 15.Bd3 b6
16.b4 bxc5 17.bxc5 a5 18.Bc4 Ba6 19.Bb3 Bb5 20.a4 Ba6 21.Ne5 Qe8 22.Nxf7 Kxf7
23.Rxe6 Qxe6 24.Bxe6+ Kxe6 25.Qg6 Rg8 26.Re1+ Kd7 27.Qf7+ Kd8 28.Bxh6 Re8
29.Rxe8+ Nxe8 30.Bg5+  1-0

[Event "TCh-NOR"]
[Site "Asker NOR"]
[Date "2003.05.31"]
[Round "4"]
[White "Jansson,J"]
[Black "Sidselrud,S"]
[Result "1-0"]
[WhiteElo "2256"]
[BlackElo "2150"]

1.Nf3 d5 2.d4 Nf6 3.c4 c6 4.Nc3 e6 5.e3 Nbd7 6.Bd3 dxc4 7.Bxc4 b5 8.Bd3 a6
9.e4 c5 10.d5 Qc7 11.dxe6 fxe6 12.O-O c4 13.Bc2 Bc5 14.Qe2 Ne5 15.a4 b4 16.Nxe5 Qxe5
17.Nd1 a5 18.Ne3 Bxe3 19.Bxe3 Ba6 20.f4 Qh5 21.Qxh5+ Nxh5 22.Rf2 Nf6 23.Bd4 O-O
24.Re1 Bb7 25.e5 Nd5 26.f5 exf5 27.Bxf5 Bc6 28.Be6+ Kh8 29.Bf7 Rfc8 30.e6 Rc7
31.Re5 h6 32.g4 Nf6 33.g5 Ng4 34.gxh6 Nxf2 35.Rh5  1-0

[Event "4th IECC"]
[Site "Istanbul TUR"]
[Date "2003.05.31"]
[Round "2"]
[White "Moiseenko,A"]
[Black "Potkin,V"]
[Result "0-1"]
[WhiteElo "2627"]
[BlackElo "2522"]

1.d4 d5 2.c4 e6 3.Nc3 Nf6 4.Nf3 c6 5.e3 Nbd7 6.Qc2 Bd6 7.g4 Bb4 8.Bd2 Qe7
9.Rg1 Bxc3 10.Bxc3 Ne4 11.Bd3 Nxc3 12.Qxc3 dxc4 13.Bxc4 O-O 14.h4 c5 15.g5 cxd4
16.Qxd4 Rd8 17.O-O-O b5 18.Bxb5 Bb7 19.Qd6 Rac8+ 20.Kb1 Be4+ 21.Ka1 Rc1+
22.Rxc1 Qxd6 23.Rgd1 Qb6 24.Rxd7 Bxf3 25.Rxd8+ Qxd8 26.Ba6 Bc6 27.b4 Qd6
28.f4 g6 29.b5 Bd5 30.h5 gxh5 31.f5 Qe5+  0-1

[Event "4th IECC"]
[Site "Istanbul TUR"]
[Date "2003.05.31"]
[Round "2"]
[White "Bocharov,D"]
[Black "Asrian,K"]
[Result "1/2-1/2"]
[WhiteElo "2492"]
[BlackElo "2596"]

1.d4 d5 2.c4 e6 3.Nf3 Nf6 4.Nc3 c6 5.e3 Nbd7 6.Bd3 dxc4 7.Bxc4 b5 8.Be2 Bb7
9.O-O Be7 10.a3 a5 11.Bd2 O-O 12.Qb3 Rb8 13.Rfd1 b4 14.axb4 axb4 15.Na4 c5
16.Nxc5 Nxc5 17.dxc5 Bxc5 18.Rac1 Qe7 19.Ne5 Bd6 20.Nc4 Bd5 21.f3 Nh5 22.Be1 Bc5
23.Bf2 Rfd8 24.g4 Nf6 25.e4 Bxf2+ 26.Kxf2 Ba8 27.Qe3 h6 28.Ne5 Rxd1 29.Rxd1 Qc7
30.Qd4 Rf8 31.h4 Kh7 32.Kg2  1/2-1/2

[Event "4th IECC"]
[Site "Istanbul TUR"]
[Date "2003.05.31"]
[Round "2"]
[White "Bocharov,D"]
[Black "Asrian,K"]
[Result "1/2-1/2"]
[WhiteElo "2492"]
[BlackElo "2596"]

1.d4 d5 2.c4 e6 3.Nf3 Nf6 4.Nc3 c6 5.e3 Nbd7 6.Bd3 dxc4 7.Bxc4 b5 8.Be2 Bb7
9.O-O Be7 10.a3 a5 11.Bd2 O-O 12.Qb3 Rb8 13.Rfd1 b4 14.axb4 axb4 15.Na4 c5
16.Nxc5 Nxc5 17.dxc5 Bxc5 18.Rac1 Qe7 19.Ne5 Bd6 20.Nc4 Bd5 21.f3 Nh5 22.Be1 Be5
23.Bf2 Rfd8 24.g4 Nf6 25.e4  1/2-1/2

[Event "4th IECC"]
[Site "Istanbul TUR"]
[Date "2003.06.01"]
[Round "3"]
[White "Marcelin,C"]
[Black "Asmundsson,I"]
[Result "1-0"]
[WhiteElo "2503"]
[BlackElo "2327"]

1.d4 d5 2.c4 c6 3.Nc3 Nf6 4.e3 e6 5.Nf3 Nbd7 6.Qc2 Bd6 7.g4 Nxg4 8.Rg1 h5
9.h3 Nh6 10.e4 Bb4 11.a3 Bxc3+ 12.bxc3 dxe4 13.Qxe4 Qa5 14.Bd2 Nf6 15.Qf4 Nf5
16.Bd3 h4 17.c5 Rh5 18.Ne5 Nd7 19.Nc4 Qd8 20.Bxf5 exf5 21.Rxg7 Kf8 22.Rg2 Nf6
23.O-O-O Be6 24.Re1 Qd5 25.Ne3 Qa2 26.Nc2 Rd8 27.Qe5 Ne8 28.Reg1 f6 29.Qe2 Rh8
30.Re1 Kf7 31.Bf4 Rd7 32.f3 Rh7 33.Rgg1 Ng7 34.Qg2 Kg8 35.Kd2 Kh8 36.Ra1 Qc4
37.Qg6 Nh5 38.Qe8+ Bg8 39.Bd6 f4 40.Rg4 Qd5 41.Re1 Rdg7 42.Qe4 Rxg4 43.fxg4 Qxe4
44.Rxe4 Ng3 45.Rxf4 Bd5 46.Ne3 Be6 47.Kd3 Rf7 48.c4 Kg7 49.d5 Bd7 50.Rf3 f5
51.Bxg3 hxg3 52.gxf5 Kf6 53.Rxg3 Ke5 54.Rf3 cxd5 55.Ng4+  1-0

[Event "4th IECC"]
[Site "Istanbul TUR"]
[Date "2003.06.01"]
[Round "3"]
[White "Marcelin,C"]
[Black "Asmundsson,I"]
[Result "1-0"]
[WhiteElo "2503"]
[BlackElo "2327"]

1.d4 d5 2.c4 c6 3.Nc3 Nf6 4.e3 e6 5.Nf3 Nbd7 6.Qc2 Bd6 7.g4 Nxg4 8.Rg1 h5
9.h3 Nh6 10.e4 Bb4 11.a3 Bxc3+ 12.bxc3 dxe4 13.Qxe4 Qa5 14.Bd2 Nf6 15.Qf4 Nf5
16.Bd3 h4 17.c5 Rh5 18.Ne5 Nd7 19.Nc4 Qd8 20.Bxf5 exf5 21.Rxg7 Kf8 22.Rg2 Nf6
23.O-O-O Be6 24.Re1 Qd5 25.Ne3 Qa2 26.Nc2 Rd8 27.Qe5 Ne8 28.Reg1 f6 29.Qe2 Rh8
30.Re1 Kf7 31.Bf4 Rd7 32.f3 Rh7 33.Rgg1 Ng7 34.Qg2 Kg8 35.Kd2 Kh8 36.Ra1 Qc4
37.Qg6 Nh5 38.Qe8+ Bg8 39.Bd6 f4 40.Rg4 Qd5 41.Re1 Rdg7 42.Qe4 Rxg4 43.fxg4 Qxe4
44.Rxe4 Ng3 45.Rxf4 Bd5 46.Ne3 Be6 47.Kd3 Rf7 48.c4 Kg7 49.d5 Bd7 50.Rf3 f5
51.Bxg3 hxg3 52.gxf5  1-0

[Event "4th IECC"]
[Site "Istanbul TUR"]
[Date "2003.06.01"]
[Round "3"]
[White "Huzman,A"]
[Black "Bocharov,D"]
[Result "1/2-1/2"]
[WhiteElo "2589"]
[BlackElo "2492"]

1.d4 d5 2.c4 c6 3.Nc3 Nf6 4.e3 e6 5.Nf3 Nbd7 6.Bd3 dxc4 7.Bxc4 b5 8.Bd3 a6
9.e4 c5 10.e5 cxd4 11.Nxb5 axb5 12.exf6 gxf6 13.O-O Qb6 14.Qe2 b4 15.Rd1 Bc5
16.Bf4 h5 17.Be4 Ba6 18.Qd2 Rd8 19.Rac1 Rg8 20.Re1 Bb7 21.Qd3 Rg4 22.g3 Ke7
23.h3 Rxf4 24.Bxb7 Qxb7 25.gxf4 Bb6 26.Qe4 Rg8+ 27.Kh1 Qxe4 28.Rxe4 f5 29.Rxd4 Bxd4
30.Nxd4 Kd6 31.Rd1 Kc7 32.Nb5+ Kc6 33.Na7+ Kc7 34.Nb5+ Kc6  1/2-1/2

[Event "4th IECC"]
[Site "Istanbul TUR"]
[Date "2003.06.01"]
[Round "3"]
[White "Sokolov,I"]
[Black "Yeke,S"]
[Result "1-0"]
[WhiteElo "2677"]
[BlackElo "2287"]

1.d4 d5 2.c4 c6 3.Nc3 Nf6 4.e3 e6 5.Nf3 Nbd7 6.Bd3 dxc4 7.Bxc4 b5 8.Bd3 a6
9.a4 b4 10.Nb1 c5 11.O-O Bb7 12.Nbd2 cxd4 13.exd4 Be7 14.a5 O-O 15.Qe2 Nb8
16.Nc4 Nc6 17.Rd1 b3 18.Nb6 Ra7 19.d5 exd5 20.Be3 Nb4 21.Nd7 Nxd7 22.Bxa7 Bf6
23.Bd4 Bxd4 24.Nxd4 Nc5 25.Bb1 Re8 26.Qd2  1-0

[Event "Golden Cleopatra"]
[Site "Cairo EGY"]
[Date "2003.06.02"]
[Round "2"]
[White "Abdel Razik,K"]
[Black "Ragheb,M"]
[Result "1-0"]
[WhiteElo "2380"]
[BlackElo "2148"]

1.d4 d5 2.c4 e6 3.Nc3 Nf6 4.Nf3 c6 5.e3 Nbd7 6.Qc2 Be7 7.g4 dxc4 8.Bxc4 Nd5
9.Bd2 b5 10.Be2 Bb7 11.Rg1 a6 12.a4 N7b6 13.Nxd5 Nxd5 14.Ne5 Rc8 15.Nd3 Qc7
16.Nc5 Qxh2 17.Rf1 Qc7 18.Rc1 O-O 19.Rh1 g6 20.Bf3 Bxc5 21.Qxc5 Qe7 22.Qxe7 Nxe7
23.Bb4 Rfe8 24.Ke2 Nd5 25.Bc5 bxa4 26.Rh6 f5 27.Rch1 Rc7 28.Bd6 Rd7 29.Be5 Nb6
30.g5 a5 31.Kd1 Ba8 32.Ke2 Rc8 33.Kf1 Bb7 34.Kg2 Ba6 35.Kg3 Bd3 36.Bd1 f4+
37.Kxf4 c5 38.Bg4 Bf5 39.Be2 Nd5+ 40.Kg3 cxd4 41.Bb5 Re7 42.exd4 Rb7 43.Ba6 Rb3+
44.f3 Rf8 45.Rxh7 Rxf3+ 46.Kxf3 Bh3+ 47.Kg3 Kxh7 48.Bc8 Kg8 49.Rxh3  1-0